[Event "EU-chT Seniors 65"]
[Site "Terme Catez"]
[Date "2024.05.15"]
[Round "9.3"]
[White "Buchal, Stephan"]
[Black "Bukvic, Mihailo"]
[Result "1/2-1/2"]
[WhiteElo "2198"]
[BlackElo "2081"]
[PlyCount "46"]
[EventDate "2024.05.07"]
[EventType "team-swiss"]
[EventRounds "9"]
[EventCountry "SLO"]
[SourceTitle "CB20_2024"]
[SourceDate "2024.05.16"]
[SourceVersion "1"]
[SourceVersionDate "2024.05.16"]
[SourceQuality "1"]
[WhiteTeam "Germany 65"]
[BlackTeam "Montenegro 65"]
[WhiteTeamCountry "GER"]
[BlackTeamCountry "MNE"]

1. c4 f5 2. Nf3 Nf6 3. g3 b6 4. Bg2 Bb7 5. 0-0 e6 6. d4 Be7 7. d5 0-0 8. Nc3 Bb4 9. Nb5 c6 10. dxc6 Nxc6 11. Bf4 Ne4 12. Nd6 Bxd6 13. Bxd6 Nxd6 14. Qxd6 Qe7 15. Rfd1 Rfd8 16. b3 Qxd6 17. Rxd6 Kf8 18. Rad1 Ke7 19. R1d2 Rac8 20. h4 h6 21. h5 Rc7 22. Kf1 Na5 23. Ne5 Bxg2+ 1/2-1/2

[Event "EU-chT Seniors 65"]
[Site "Terme Catez"]
[Date "2024.05.08"]
[Round "2.3"]
[White "Bukvic, Mihailo"]
[Black "Marks, Ian Alexander"]
[Result "1-0"]
[WhiteElo "2081"]
[BlackElo "1916"]
[PlyCount "107"]
[EventDate "2024.05.07"]
[EventType "team-swiss"]
[EventRounds "9"]
[EventCountry "SLO"]
[SourceTitle "CB20_2024"]
[SourceDate "2024.05.16"]
[SourceVersion "1"]
[SourceVersionDate "2024.05.16"]
[SourceQuality "1"]
[WhiteTeam "Montenegro 65"]
[BlackTeam "Scotland 65"]
[WhiteTeamCountry "MNE"]
[BlackTeamCountry "SCO"]

1. e4 d6 2. d4 Nf6 3. Nc3 g6 4. f3 c6 5. Be3 Nbd7 6. Qd2 Qa5 7. Nge2 b5 8. Nc1 b4 9. Nd1 e5 10. Nb3 Qc7 11. Nf2 a5 12. dxe5 dxe5 13. Be2 Ba6 14. Bxa6 Rxa6 15. 0-0 Bg7 16. Nc5 Ra8 17. Rfd1 Rd8 18. a3 0-0 19. Nfd3 Nxc5 20. Bxc5 Rfe8 21. axb4 axb4 22. Qxb4 Nd7 23. Ra7 Qb8 24. Qxb8 Nxb8 25. Be7 Rd7 26. Rxd7 Nxd7 27. Bd6 Bf8 28. Bxf8 Nxf8 29. Nc5 Rb8 30. b3 Rb5 31. Nd7 Ne6 32. Kf2 Nd4 33. Rd2 Ne6 34. Nf6+ Kf8 35. Ng4 Ke7 36. Ne3 Nd4 37. Nc4 f6 38. g3 g5 39. Ne3 Ke6 40. g4 Rc5 41. Nc4 Ke7 42. Ke3 Kf7 43. Rf2 Kg7 44. Kd3 Rb5 45. Nd6 Rb8 46. Nf5+ Nxf5 47. gxf5 Rb5 48. Kc4 Kf7 49. b4 h6 50. c3 Ke7 51. Ra2 Rb7 52. Kc5 Rd7 53. Kxc6 Rd3 54. c4 1-0

[Event "MNT Team Cup"]
[Site "Herceg Novi"]
[Date "2022.05.21"]
[Round "2.1"]
[White "Pecurica, Milos"]
[Black "Bukvic, Mihailo"]
[Result "1-0"]
[WhiteElo "2306"]
[BlackElo "2070"]
[PlyCount "61"]
[EventDate "2022.05.20"]
[EventType "swiss"]
[EventRounds "5"]
[EventCountry "MNE"]
[SourceTitle "CBM 208 Extra"]
[Source "ChessBase"]
[SourceDate "2022.07.31"]
[SourceVersion "1"]
[SourceVersionDate "2022.07.31"]
[SourceQuality "1"]

1. d4 f5 2. Bg5 c6 3. Nd2 Qb6 4. e3 d6 5. Bc4 d5 6. Bd3 g6 7. Ne2 Bg7 8. c4 Nf6 9. h4 Ne4 10. Qc2 Nxg5 11. hxg5 Be6 12. Nf4 Bf7 13. cxd5 cxd5 14. Qc8+ Qd8 15. Bb5+ Nc6 16. Qxb7 0-0 17. Qxc6 Rc8 18. Qa6 e5 19. Ne6 Qe7 20. Nxf8 Rxf8 21. Qa3 Qxg5 22. dxe5 Qxg2 23. Ke2 d4 24. Rag1 Qd5 25. Bc4 Qc6 26. Bxf7+ Rxf7 27. Qb3 dxe3 28. Nf3 Qd6 29. fxe3 Qa6+ 30. Kf2 f4 31. exf4 1-0

[Event "Belgrade Trophy 32nd"]
[Site "Belgrade"]
[Date "2018.11.29"]
[Round "6"]
[White "Bukvic, Mihailo"]
[Black "Kisic, Bozidar"]
[Result "1/2-1/2"]
[WhiteElo "2044"]
[BlackElo "2236"]
[PlyCount "77"]
[EventDate "2018.11.24"]
[EventType "swiss"]
[EventRounds "9"]
[EventCountry "SRB"]
[SourceTitle "CBM 187 Extra"]
[Source "ChessBase"]
[SourceDate "2018.11.04"]
[SourceVersion "1"]
[SourceVersionDate "2018.11.04"]
[SourceQuality "1"]

1. e4 g6 2. d4 Bg7 3. Nc3 d6 4. Be3 a6 5. Qd2 Nd7 6. Bc4 b5 7. Bd5 Rb8 8. Bc6 Bb7 9. Bxb7 Rxb7 10. Nge2 Nb6 11. b3 Nf6 12. f3 0-0 13. Bh6 b4 14. Nd1 Bxh6 15. Qxh6 Qc8 16. 0-0 c5 17. d5 e6 18. Qf4 Qd8 19. dxe6 fxe6 20. Qe3 Nbd7 21. Nf2 Re8 22. Nd3 d5 23. e5 d4 24. Qh6 Nd5 25. Nef4 Ne3 26. Rf2 Qe7 27. g3 Rd8 28. Qh3 Rb6 29. Ng2 Qg7 30. f4 c4 31. Nb2 c3 32. Nd3 Nd5 33. Re2 Qe7 34. Nge1 Ne3 35. Ng2 Nd5 36. Nge1 Nc5 37. Nxc5 Qxc5 38. Nd3 Qe7 39. Qg2 1/2-1/2

[Event "MNT-chT 1st League"]
[Site "Podgorica"]
[Date "2018.09.29"]
[Round "5.2"]
[White "Mustafic, Ismet"]
[Black "Bukvic, Mihailo"]
[Result "1-0"]
[WhiteElo "2111"]
[BlackElo "2064"]
[PlyCount "71"]
[EventDate "2018.09.07"]
[EventType "team-tourn"]
[EventRounds "9"]
[EventCountry "MNE"]
[SourceTitle "CBM 187 Extra"]
[Source "ChessBase"]
[SourceDate "2018.11.04"]
[SourceVersion "1"]
[SourceVersionDate "2018.11.04"]
[SourceQuality "1"]
[WhiteTeam "Rumija"]
[BlackTeam "Cetinje"]
[WhiteTeamCountry "MNE"]
[BlackTeamCountry "MNE"]

1. d4 f5 2. Nc3 Nf6 3. Bg5 e6 4. e4 fxe4 5. Nxe4 Be7 6. Bxf6 Bxf6 7. Nf3 0-0 8. Bd3 d5 9. Nxf6+ Qxf6 10. 0-0 c5 11. c3 Nc6 12. dxc5 e5 13. Be2 Be6 14. Qd2 h6 15. b4 Rad8 16. b5 Ne7 17. a4 Ng6 18. a5 Nf4 19. Ne1 Qg5 20. Kh1 Rc8 21. a6 Rf7 22. b6 bxa6 23. b7 Rxb7 24. Bxa6 Rbc7 25. Bxc8 Rxc8 26. Qe3 d4 27. cxd4 Bc4 28. Rg1 exd4 29. Qxd4 Bd5 30. Nf3 Qf5 31. Rxa7 Ne6 32. Qe5 Qxe5 33. Nxe5 Rxc5 34. Ng4 Nf4 35. Ne3 Bc6 36. Ra2 1-0

[Event "MNT-chT 1st League"]
[Site "Podgorica"]
[Date "2018.09.28"]
[Round "4.5"]
[White "Bukvic, Mihailo"]
[Black "Saric, Igor"]
[Result "0-1"]
[WhiteElo "2064"]
[BlackElo "2308"]
[PlyCount "28"]
[EventDate "2018.09.07"]
[EventType "team-tourn"]
[EventRounds "9"]
[EventCountry "MNE"]
[SourceTitle "CBM 187 Extra"]
[Source "ChessBase"]
[SourceDate "2018.11.04"]
[SourceVersion "1"]
[SourceVersionDate "2018.11.04"]
[SourceQuality "1"]
[WhiteTeam "Cetinje"]
[BlackTeam "Niksic"]
[WhiteTeamCountry "MNE"]
[BlackTeamCountry "MNE"]

1. e4 e6 2. d4 d5 3. Nc3 Nf6 4. Bg5 Be7 5. e5 Nfd7 6. h4 c5 7. Nb5 f6 8. exf6 Nxf6 9. dxc5 0-0 10. Qd2 Ne4 11. Bxe7 Qxe7 12. Qe3 Nxf2 13. Rh3 Nxh3 14. Nxh3 Qxh4+ 0-1

[Event "MNT-chT 1st League"]
[Site "Podgorica"]
[Date "2018.09.08"]
[Round "2.5"]
[White "Durakovic, Ferid"]
[Black "Bukvic, Mihailo"]
[Result "1/2-1/2"]
[WhiteElo "1925"]
[BlackElo "2064"]
[PlyCount "38"]
[EventDate "2018.09.07"]
[EventType "team-tourn"]
[EventRounds "9"]
[EventCountry "MNE"]
[SourceTitle "CBM 187 Extra"]
[Source "ChessBase"]
[SourceDate "2018.11.04"]
[SourceVersion "1"]
[SourceVersionDate "2018.11.04"]
[SourceQuality "1"]
[WhiteTeam "Ibar"]
[BlackTeam "Cetinje"]
[WhiteTeamCountry "MNE"]
[BlackTeamCountry "MNE"]

1. c4 f5 2. Nf3 Nf6 3. d4 e6 4. g3 b6 5. Bg2 Bb4+ 6. Bd2 Bxd2+ 7. Nbxd2 Bb7 8. e3 0-0 9. 0-0 Qe8 10. Qc2 d6 11. Ne1 Bxg2 12. Nxg2 Nbd7 13. Rae1 Qf7 14. f3 g6 15. e4 Rae8 16. b4 c5 17. e5 dxe5 18. dxe5 Nh5 19. a3 Qe7 1/2-1/2

[Event "MNT-chT 1st League"]
[Site "Podgorica"]
[Date "2018.09.07"]
[Round "1.2"]
[White "Bukvic, Mihailo"]
[Black "Ivanovic, Ilija"]
[Result "1-0"]
[WhiteElo "2064"]
[BlackElo "1900"]
[PlyCount "71"]
[EventDate "2018.09.07"]
[EventType "team-tourn"]
[EventRounds "9"]
[EventCountry "MNE"]
[SourceTitle "CBM 187 Extra"]
[Source "ChessBase"]
[SourceDate "2018.11.04"]
[SourceVersion "1"]
[SourceVersionDate "2018.11.04"]
[SourceQuality "1"]
[WhiteTeam "Cetinje"]
[BlackTeam "Gambit"]
[WhiteTeamCountry "MNE"]
[BlackTeamCountry "MNE"]

1. e4 e5 2. d4 exd4 3. Qxd4 Nc6 4. Qe3 d6 5. Nc3 Nf6 6. Bd2 Be7 7. 0-0-0 0-0 8. f4 Bg4 9. Be2 Bxe2 10. Ngxe2 Qc8 11. h3 Re8 12. g4 Bf8 13. Qf3 Qe6 14. Ng3 Qc4 15. g5 Nd4 16. Qd3 Qxd3 17. cxd3 Nd7 18. Be3 Nc6 19. d4 a6 20. Kb1 Kh8 21. h4 Kg8 22. h5 Rac8 23. Rdg1 Ne7 24. f5 Nc6 25. Nd5 Nb6 26. Nxb6 cxb6 27. f6 Kh8 28. Rc1 b5 29. g6 Nb4 30. gxf7 Red8 31. Nf5 Nd3 32. Rxc8 Rxc8 33. fxg7+ Bxg7 34. Rg1 Bf6 35. Nxd6 Rd8 36. Ne8 1-0

[Event "EU-ch Amateur U2300"]
[Site "Niksic"]
[Date "2018.06.16"]
[Round "4"]
[White "Bukvic, Mihailo"]
[Black "Delevic, Nina"]
[Result "1-0"]
[WhiteElo "2061"]
[BlackElo "1797"]
[PlyCount "90"]
[EventDate "2018.06.14"]
[EventType "swiss"]
[EventRounds "9"]
[EventCountry "MNE"]
[SourceTitle "CBM 185 Extra"]
[Source "ChessBase"]
[SourceDate "2018.07.29"]
[SourceVersion "1"]
[SourceVersionDate "2018.07.29"]
[SourceQuality "1"]

1. e4 d6 2. d4 Nf6 3. Nc3 g6 4. f3 Bg7 5. Be3 Nbd7 6. Qd2 Nb6 7. 0-0-0 c6 8. g4 Qc7 9. h4 Be6 10. Nh3 h6 11. Nf4 Bc4 12. Nd3 0-0-0 13. Bh3 Nfd7 14. b3 Bxd3 15. Qxd3 Kb8 16. Kb1 a6 17. f4 c5 18. Ne2 c4 19. Qd2 Nf6 20. Ng3 c3 21. Qf2 Nc4 22. Bc1 Qb6 23. Qe2 Na5 24. Qe3 Nd7 25. Ne2 Rc8 26. Nxc3 Nc6 27. Nd5 Qxd4 28. Qxd4 Bxd4 29. Nxe7 Nxe7 30. Rxd4 Nc5 31. Bg2 Rhd8 32. Rhd1 Kc7 33. f5 Nc6 34. Rd5 Nb4 35. R5d4 Nc6 36. Rd5 Nb4 37. R5d2 Nc6 38. Re2 Ne5 39. g5 h5 40. Bf4 Re8 41. Red2 Rcd8 42. Rd5 Rd7 43. Bh3 Nxe4 44. fxg6 Nxg6 45. Bxd7 Kxd7 1-0

[Event "MNT-chT"]
[Site "Niksic"]
[Date "2016.08.12"]
[Round "7.1"]
[White "Nikcevic, Nebojsa"]
[Black "Bukvic, Mihailo"]
[Result "1-0"]
[WhiteElo "2439"]
[BlackElo "2112"]
[PlyCount "91"]
[EventDate "2016.08.06"]
[EventType "team-tourn"]
[EventRounds "9"]
[EventCountry "MNE"]
[SourceTitle "CBM 173 Extra"]
[Source "ChessBase"]
[SourceDate "2016.08.29"]
[SourceVersion "1"]
[SourceVersionDate "2016.08.29"]
[SourceQuality "1"]

1. Nf3 b6 2. c4 Bb7 3. Nc3 e6 4. g3 f5 5. Bg2 Nf6 6. 0-0 Bb4 7. Qb3 Bxc3 8. Qxc3 0-0 9. b3 d6 10. Bb2 Qe8 11. d4 Nbd7 12. Rfd1 Qh5 13. d5 e5 14. Nh4 f4 15. Qf3 fxg3 16. fxg3 Ng4 17. Qc3 Qg5 18. Bc1 Qd8 19. h3 Ngf6 20. Rf1 a5 21. Bg5 h6 22. Bd2 Nc5 23. Qc2 Qe8 24. Nf5 Kh8 25. Rf2 Qg6 26. Raf1 Bc8 27. g4 Kh7 28. a3 Bxf5 29. Rxf5 Kh8 30. b4 axb4 31. axb4 Ncd7 32. Qb3 Ng8 33. Be4 Qe8 34. Rxf8 Nxf8 35. Qf3 Nf6 36. Bb1 N8d7 37. Qf5 Qe7 38. h4 Nf8 39. g5 hxg5 40. hxg5 N6h7 41. g6 Nf6 42. Qh3+ Kg8 43. Bf5 Qe8 44. Bg5 Qe7 45. Kg2 e4 46. Rh1 1-0

[Event "MNT-chT"]
[Site "Niksic"]
[Date "2016.08.11"]
[Round "6.1"]
[White "Bukvic, Mihailo"]
[Black "Brenjo, Slavisa"]
[Result "1/2-1/2"]
[WhiteElo "2112"]
[BlackElo "2416"]
[PlyCount "61"]
[EventDate "2016.08.06"]
[EventType "team-tourn"]
[EventRounds "9"]
[EventCountry "MNE"]
[SourceTitle "CBM 173 Extra"]
[Source "ChessBase"]
[SourceDate "2016.08.29"]
[SourceVersion "1"]
[SourceVersionDate "2016.08.29"]
[SourceQuality "1"]

1. e4 e5 2. Nf3 Nc6 3. Bc4 Nf6 4. d3 Be7 5. h3 0-0 6. Nc3 d6 7. a3 Be6 8. Bxe6 fxe6 9. 0-0 Qe8 10. d4 Qg6 11. d5 exd5 12. exd5 Nd8 13. Nh4 Qh5 14. Qxh5 Nxh5 15. Nf3 c6 16. Bg5 Bxg5 17. Nxg5 Nf4 18. Rfd1 Rc8 19. dxc6 Rxc6 20. g3 Nfe6 21. Nxe6 Nxe6 22. Rd2 Nd4 23. Kg2 Rc4 24. a4 g6 25. a5 Rfc8 26. Rad1 Kf8 27. Ne4 Rxc2 28. Nxd6 Rxd2 29. Rxd2 Rc7 30. f4 Nc6 31. fxe5 1/2-1/2

[Event "MNT-chT"]
[Site "Niksic"]
[Date "2016.08.09"]
[Round "4.1"]
[White "Bukvic, Mihailo"]
[Black "Blagojevic, Dragisa"]
[Result "1/2-1/2"]
[WhiteElo "2112"]
[BlackElo "2482"]
[PlyCount "106"]
[EventDate "2016.08.06"]
[EventType "team-tourn"]
[EventRounds "9"]
[EventCountry "MNE"]
[SourceTitle "CBM 173 Extra"]
[Source "ChessBase"]
[SourceDate "2016.08.29"]
[SourceVersion "1"]
[SourceVersionDate "2016.08.29"]
[SourceQuality "1"]

1. e4 e5 2. Nf3 Nc6 3. d4 exd4 4. Nxd4 Nf6 5. Nxc6 bxc6 6. Nc3 Bb4 7. Bd2 0-0 8. Bd3 Re8 9. f3 d5 10. 0-0 dxe4 11. Nxe4 Nxe4 12. fxe4 Qd4+ 13. Kh1 Bxd2 14. Qxd2 Qe5 15. b3 Be6 16. Qf4 Qxf4 17. Rxf4 f6 18. Re1 Re7 19. Rf3 Rae8 20. Rfe3 Bf7 21. Kg1 Re5 22. Kf2 Kf8 23. g3 Ke7 24. Bf1 Rd8 25. Bd3 Bg6 26. g4 Kd6 27. Bf1 Kc5 28. Rc3+ Kb6 29. Bd3 Rd4 30. Rc4 c5 31. Kf3 Bf7 32. Rxd4 cxd4 33. h4 h6 34. h5 Kc6 35. Rc1 Ra5 36. a4 Rc5 37. Rb1 Kd6 38. Kf4 Be6 39. Rd1 Ke7 40. Rd2 Rc3 41. e5 c5 42. exf6+ Kxf6 43. a5 Bf7 44. Rd1 g5+ 45. hxg6 Bxg6 46. Bxg6 Kxg6 47. Rd2 Kf6 48. Rh2 Kg7 49. a6 c4 50. bxc4 Rxc4 51. Ke4 Kg6 52. Rd2 Kg5 53. Rxd4 Rxc2 1/2-1/2

[Event "Belgrade Trophy 28th"]
[Site "Belgrade"]
[Date "2014.12.01"]
[Round "8"]
[White "Radovanovic, Dusan"]
[Black "Bukvic, Mihailo"]
[Result "1-0"]
[WhiteElo "2360"]
[BlackElo "2142"]
[PlyCount "117"]
[EventDate "2014.11.24"]
[EventType "swiss"]
[EventRounds "9"]
[EventCountry "SRB"]
[SourceTitle "CBM 163 Extra"]
[Source "ChessBase"]
[SourceDate "2014.12.23"]
[SourceVersion "1"]
[SourceVersionDate "2014.12.23"]
[SourceQuality "1"]

1. d4 f5 2. h3 Nf6 3. g4 d5 4. Bf4 e6 5. e3 Bd6 6. Ne2 Qe7 7. Nbc3 c6 8. Bxd6 Qxd6 9. Nf4 e5 10. dxe5 Qxe5 11. g5 Ne4 12. Nxe4 fxe4 13. c3 0-0 14. Qd2 b5 15. a4 bxa4 16. Rxa4 Nd7 17. Ra5 Bb7 18. h4 Qe7 19. Be2 Ne5 20. Qd4 a6 21. b4 Rad8 22. Kd2 Bc8 23. Rg1 Rf7 24. h5 Rf5 25. g6 h6 26. Raa1 Rg5 27. Kc2 Nf3 28. Bxf3 exf3 29. Kb2 Bf5 30. Rgd1 Bc8 31. Ra5 Re5 32. Qc5 Qf6 33. Raa1 Re4 34. Rd4 Qh4 35. Rd2 Qf6 36. Rd4 Qh4 37. Rxe4 Qxf2+ 38. Ka3 dxe4 39. Qxc6 Rf8 40. Qd5+ Kh8 41. Qf7 Rg8 42. Rd1 Qh4 43. Nd5 Qh3 44. Nf6 Be6 45. Qe7 Qf5 46. Nxg8 Bxg8 47. Rd8 Qf6 48. Qxf6 gxf6 49. Rd2 f5 50. Rf2 Kg7 51. Kb2 Kf6 52. Kc2 Ke5 53. Kd2 Bc4 54. Rh2 f4 55. g7 Kf5 56. Rh4 fxe3+ 57. Kxe3 Kf6 58. Rxe4 Bb3 59. Rg4 1-0

[Event "MNT-chT 1st League"]
[Site "Podgorica"]
[Date "2014.09.12"]
[Round "4.1"]
[White "Abramovic, Dragoljub"]
[Black "Bukvic, Mihailo"]
[Result "0-1"]
[WhiteElo "2089"]
[BlackElo "2158"]
[PlyCount "106"]
[EventDate "2014.08.29"]
[EventType "team-tourn"]
[EventRounds "9"]
[EventCountry "MNE"]
[SourceTitle "EXT 2018"]
[Source "ChessBase"]
[SourceDate "2017.10.13"]
[SourceVersion "1"]
[SourceVersionDate "2017.10.13"]
[SourceQuality "1"]
[WhiteTeam "7 Oktobar"]
[BlackTeam "Cetinje"]
[WhiteTeamCountry "MNE"]
[BlackTeamCountry "MNE"]

1. d4 e6 2. g3 f5 3. Bg2 Nf6 4. c3 d5 5. Bg5 Bd6 6. Nd2 0-0 7. f4 Nbd7 8. Ngf3 Qe8 9. Bxf6 Nxf6 10. Ne5 Bxe5 11. dxe5 Ng4 12. Bf3 Nh6 13. e3 Bd7 14. Kf2 b6 15. Qc2 c5 16. Rhd1 Bc6 17. Nf1 Rc8 18. Rac1 Qe7 19. Kg1 Qb7 20. Qg2 Rfd8 21. c4 Nf7 22. cxd5 Bxd5 23. Bxd5 Rxd5 24. Rxd5 Qxd5 25. Qxd5 exd5 26. Rd1 Rd8 27. e6 Nh6 28. e7 Re8 29. Rxd5 Rxe7 30. Kf2 Ng4+ 31. Kf3 g6 32. h3 Nf6 33. Rd8+ Kf7 34. Nd2 Rd7 35. Rxd7+ Nxd7 36. e4 fxe4+ 37. Nxe4 h6 38. g4 Ke6 39. Ke3 a6 40. Ng3 Kd5 41. f5 g5 42. Ne4 b5 43. Nc3+ Ke5 44. a4 b4 45. Ne4 c4 46. f6 Nxf6 47. Nxf6 Kxf6 48. Kd4 c3 49. bxc3 b3 50. Kd3 Ke5 51. c4 b2 52. Kc2 Kd4 53. Kxb2 Kxc4 0-1

[Event "Belgrade Trophy 27th"]
[Site "Obrenovac"]
[Date "2013.11.26"]
[Round "3"]
[White "Bukvic, Mihailo"]
[Black "Rajkovic, Dusan"]
[Result "1/2-1/2"]
[WhiteElo "2160"]
[BlackElo "2389"]
[PlyCount "51"]
[EventDate "2013.11.24"]
[EventType "swiss"]
[EventRounds "9"]
[EventCountry "SRB"]
[SourceTitle "CBM 157 Extra"]
[Source "ChessBase"]
[SourceDate "2013.12.19"]
[SourceVersion "1"]
[SourceVersionDate "2013.12.19"]
[SourceQuality "1"]

1. e4 c5 2. Nf3 e6 3. d4 cxd4 4. Nxd4 Nc6 5. Nc3 Qc7 6. Be3 a6 7. Bd3 Nf6 8. Nxc6 bxc6 9. f4 d5 10. e5 Nd7 11. Ne2 Bc5 12. Bxc5 Nxc5 13. b3 Qb6 14. c3 a5 15. Bc2 Ba6 16. Qd4 0-0 17. Ng3 f6 18. exf6 Rxf6 19. 0-0-0 Nd7 20. Qxb6 Nxb6 21. Rhe1 Re8 22. f5 g6 23. fxe6 Rexe6 24. Rxe6 Rxe6 25. Bd3 Bxd3 26. Rxd3 1/2-1/2

[Event "Belgrade Trophy 27th"]
[Site "Obrenovac"]
[Date "2013.11.25"]
[Round "2"]
[White "Cabrilo, Goran"]
[Black "Bukvic, Mihailo"]
[Result "1/2-1/2"]
[WhiteElo "2404"]
[BlackElo "2160"]
[PlyCount "82"]
[EventDate "2013.11.24"]
[EventType "swiss"]
[EventRounds "9"]
[EventCountry "SRB"]
[SourceTitle "CBM 157 Extra"]
[Source "ChessBase"]
[SourceDate "2013.12.19"]
[SourceVersion "1"]
[SourceVersionDate "2013.12.19"]
[SourceQuality "1"]

1. e4 e5 2. Nf3 Nc6 3. Bb5 a6 4. Ba4 d6 5. c3 Bg4 6. h3 Bxf3 7. Qxf3 Qf6 8. Qe2 Nge7 9. d3 Ng6 10. g3 Be7 11. Nd2 b5 12. Bb3 Na5 13. Bc2 c5 14. Nf1 Bd8 15. h4 Qe6 16. Ne3 Ne7 17. Qf3 Rb8 18. 0-0 0-0 19. Rd1 Kh8 20. d4 cxd4 21. cxd4 Qc8 22. d5 Nc4 23. Bd3 Bb6 24. Nf5 Nxf5 25. exf5 f6 26. Be4 Bd4 27. Rb1 b4 28. b3 Na3 29. Bxa3 bxa3 30. Rdc1 Qd8 31. Rc4 Bb2 32. Rd1 a5 33. Rd2 Bd4 34. Rdc2 Bc5 35. Kg2 Rb4 36. Rxb4 axb4 37. Rc4 Qe7 38. g4 h6 39. Qg3 Kg8 40. Kf1 Kf7 41. Ke2 Rc8 1/2-1/2

[Event "Belgrade Trophy 26th"]
[Site "Belgrade"]
[Date "2012.11.25"]
[Round "2"]
[White "Bukvic, Mihailo"]
[Black "Nenezic, Marko"]
[Result "1/2-1/2"]
[WhiteElo "2150"]
[BlackElo "2378"]
[PlyCount "88"]
[EventDate "2012.11.24"]
[EventType "swiss"]
[EventRounds "9"]
[EventCountry "SRB"]
[SourceTitle "CBM 151 Extra"]
[Source "ChessBase"]
[SourceDate "2012.12.18"]
[SourceVersion "1"]
[SourceVersionDate "2012.12.18"]
[SourceQuality "1"]

1. e4 c5 2. Nf3 Nc6 3. d4 cxd4 4. Nxd4 Nf6 5. Nc3 e5 6. Ndb5 d6 7. Bg5 a6 8. Na3 b5 9. Nd5 Be7 10. Bxf6 Bxf6 11. c3 Bg5 12. Nc2 0-0 13. Be2 Rb8 14. 0-0 g6 15. Nce3 f5 16. exf5 gxf5 17. Nc2 Kh8 18. b4 Ne7 19. Nxe7 Qxe7 20. a4 Bb7 21. axb5 axb5 22. Ra5 Rg8 23. g3 f4 24. Bf3 Bxf3 25. Qxf3 e4 26. Qe2 f3 27. Qd1 Qe6 28. Ne3 Rg6 29. Qd4+ Bf6 30. Qd5 Bxc3 31. Rxb5 Rxb5 32. Qxb5 Bd4 33. Qd5 Bxe3 34. Qxe6 Rxe6 35. fxe3 d5 36. Rd1 Rc6 37. Rxd5 Rc1+ 38. Kf2 Rc2+ 39. Kf1 Rc1+ 40. Kf2 Rc2+ 41. Kf1 Re2 42. Re5 Rxe3 43. b5 Kg7 44. b6 Rb3 1/2-1/2